Brihad Dharma Puranam ed by Hara Prasada Sastri (Record no. 429374)

MARC details
000 -LEADER
fixed length control field 00585nam a2200229Ia 4500
003 - CONTROL NUMBER IDENTIFIER
control field OSt
005 - DATE AND TIME OF LATEST TRANSACTION
control field 20220924132127.0
008 - FIXED-LENGTH DATA ELEMENTS--GENERAL INFORMATION
fixed length control field 220923b |||||||| |||| 00| 0 san d
037 ## - SOURCE OF ACQUISITION
Terms of availability Textual
040 ## - CATALOGING SOURCE
Original cataloging agency ARTS
Transcribing agency ARTS
Language of cataloging san
041 ## - LANGUAGE CODE
Source of code san
Language code of text/sound track or separate title san
245 #0 - TITLE STATEMENT
Title Brihad Dharma Puranam ed by Hara Prasada Sastri
260 ## - PUBLICATION, DISTRIBUTION, ETC.
Date of publication, distribution, etc. 1888
490 ## - SERIES STATEMENT
Series statement Bibliotheca indica , new series; 668
650 ## - SUBJECT ADDED ENTRY--TOPICAL TERM
Topical term or geographic name entry element RELIGION
942 ## - ADDED ENTRY ELEMENTS (KOHA)
Classification part Q25:222, 15B8
Koha item type Textual
Source of classification or shelving scheme Colon Classification (CC)
Holdings
Withdrawn status Lost status Damaged status Not for loan Home library Current library Date acquired Total Checkouts Full call number Barcode Date last seen Price effective from Koha item type
        Arts Library Arts Library 2022-09-24   Q25:222 15B8 AL0036243 2022-09-24 2022-09-24 Textual
Copyright @ Delhi University Library System